000 00700nam a2200217 4500
001 144300
003 ES-MaACL
005 20230906201004.0
007 t|
008 070214s1972 sp r ||||1| spa d
245 0 4 _aLas siete palabras /
_cSebastián García Díaz ... [et. al.].
260 _aSevilla :
_bUniversidad de Sevilla,
_c1972.
300 _a68 p. :
_bil. ;
_c19 cm.
490 1 _aAnales de la Universidad Hispalense
600 1 4 _aJesucristo-
_xSiete palabras.
_9138139
700 1 _aGarcía Díaz, Sebastián.
_954538
710 2 _aUniversidad de Sevilla.
_97301
830 1 _aAnales de la Universidad Hispalense
_9187329
852 _aES-MaACL
_jC-46446
999 _c144300
_d144300